000 00574 a2200181 4500
020 _a8176352845
040 _aLibrary of Congress
_bEnglish
082 0 0 _a005.369
100 1 _aPerry, Greg M.
245 1 0 _aSams teach yourself Microsoft Office 2000 in 24 hours
246 3 0 _aTeach yourself Microsoft Office 2000 in 24 hours.
246 3 0 _aMicrosoft Office 2000 in 24 hours.
260 _aNew Delhi :
_bTechmedia
_cc1999.
300 _axiv, 494 p. :
_bill. ;
_c24 cm.
500 _aIncludes index.
650 0 _aBusiness
_xComputer programs.
942 _cBK
_k005.369 PER
_2ddc
999 _c6239
_d6239